Statistics for Countries with the Most Tanks

Click here to take the quiz!

General Stats

  • This quiz has been taken 134 times
  • The average score is 11 of 16

Answer Stats

Hint Answer % Correct
22,214Russia
99%
8,370United States
98%
6,170China
96%
3,912India
87%
5,500North Korea
86%
2,552South Korea
84%
1,920Pakistan
80%
2,537Turkey
78%
4,145Egypt
72%
4,180Israel
69%
2,676Ukraine
69%
1,770Vietnam
62%
4,500Syria
60%
1,586Belarus
37%
2,165Libya
33%
1,500Cuba
10%

Score Distribution

Percentile by Number Answered

Percent of People with Each Score

Your Score History

You have not taken this quiz